[Event "European Cities & Towns Chess Championship - Women"]
[Site "Central Europe"]
[Date "2023.01.29"]
[Round "3.2.3"]
[White "Maklakova, Nellija"]
[Black "Drakaki, Anna-Maria"]
[Result "1-0"]
[WhiteElo "1817"]
[BlackElo "1941"]
[BlackCountry "GR"]
[BlackFideId "4225210"]
[BlackTeam "Thessaloniki"]
[WhiteCountry "LV"]
[WhiteFideId "11603470"]
[WhiteTeam "Kuldiga CC - Latvia"]

1. c4 e6 2. d4 Nf6 3. Nc3 Bb4 4. Qc2 O-O 5. Bd2 d6 6. a3 Bxc3 7. Bxc3 Qe7 
8. Nf3 Nbd7 9. e4 e5 10. d5 Nc5 11. Nd2 a5 12. b4 axb4 13. axb4 Rxa1+ 14. 
Bxa1 Na6 15. Bc3 Nh5 16. g3 f5 17. Be2 Qf7 18. Qd1 Nf6 19. exf5 Bxf5 20. 
O-O Bh3 21. Nf3 Bxf1 22. Qxf1 Ne4 23. Be1 Nb8 24. Qg2 Nf6 25. Ng5 Qg6 26. 
Ne6 Qb1 27. Qf1 Rc8 28. Bd3 Qb3 29. Bf5 Nbd7 30. h4 Qf3 31. Qd3 Qxd3 32. 
Bxd3 e4 33. Be2 Ne5 34. Bc3 Nfd7 35. g4 Kf7 36. Ng5+ Ke7 37. Nxe4 Ra8 38. 
Ng5 Ra2 39. Kf1 Rc2 40. Be1 Nxc4 41. Bd3 Rc1 42. Bxh7 Nf6 43. Bf5 Nxd5 44.
 Ne6 g6 45. Bxg6 Kxe6 46. Bf5+ Kf6 47. Ke2 Nf4+ 48. Kf3 Rxe1 49. Kxf4 Ne5 
50. g5+ Kg7 51. h5 Rh1 52. h6+ Kh8 53. f3 Rh4+ 54. Kg3 Rxb4 55. g6 Nxg6 
56. Bxg6 Rb5 57. f4 Rb3+ 58. Kg4 d5 59. f5 Rb6 60. Kg5 d4 61. f6 Rb5+ 62. 
Bf5 d3 63. f7 1-0

[Event "European Cities & Towns Chess Championship - Women"]
[Site "Central Europe"]
[Date "2023.01.29"]
[Round "3.2.4"]
[White "Pasoglou, Ekaterini"]
[Black "Kane, Marta"]
[Result "1/2-1/2"]
[WhiteElo "1872"]
[BlackElo "1836"]
[BlackCountry "LV"]
[BlackFideId "11603569"]
[BlackTeam "Kuldiga CC - Latvia"]
[WhiteCountry "GR"]
[WhiteFideId "4247663"]
[WhiteTeam "Thessaloniki"]

1. e4 c5 2. Nf3 e6 3. d4 cxd4 4. Nxd4 Qc7 5. c4 a6 6. Nc3 Nc6 7. Nb3 Nf6 
8. Be2 Be7 9. Be3 d6 10. O-O O-O 11. f4 Re8 12. Bf3 Bf8 13. Qe1 Nb4 14. 
Qe2 Bd7 15. a3 Nc6 16. Qf2 h6 17. Rac1 Ne7 18. Nd2 Bc6 19. b4 Qd7 20. Nb3 
Rec8 21. Nd4 d5 22. Nxc6 bxc6 23. e5 Ne8 24. g4 a5 25. c5 Nc7 26. Ne2 Nb5 
27. a4 Nc7 28. Rb1 Rcb8 29. bxa5 Rxb1 30. Rxb1 Rxa5 31. Nc3 Na6 32. Be2 
Qa7 33. Rb6 Nc8 34. Rxc6 Qa8 35. Rd6 Nxd6 36. cxd6 Nb4 37. Bb5 Nc2 38. 
Qxc2 Qc8 39. Qd2 Ra7 40. Ne2 Ra8 41. Nd4 Qc5 42. Nc6 Qa3 43. Ne7+ Bxe7 44.
 dxe7 Qa1+ 45. Kg2 Rc8 46. e8=Q+ Rxe8 47. Bxe8 Qa3 48. Bb5 Qb3 49. Bd3 Qa3
50. Bb5 Qb3 51. Qe2 Qc3 52. Qd3 Qb2+ 53. Qd2 Qb3 1/2-1/2

[Event "European Cities & Towns Chess Championship - Women"]
[Site "Central Europe"]
[Date "2023.01.29"]
[Round "3.3.1"]
[White "Pica, Eleni"]
[Black "Houska, Jovanka"]
[Result "0-1"]
[WhiteElo "1048"]
[BlackElo "2338"]
[BlackCountry "GB"]
[BlackFideId "405094"]
[BlackTeam "London Women"]
[BlackTitle "IM"]
[WhiteCountry "CY"]
[WhiteFideId "5910005"]
[WhiteTeam "Nicosia"]

1. d4 d5 2. c4 e6 3. Nc3 Nf6 4. Bf4 a6 5. Nf3 dxc4 6. e3 b5 7. a4 b4 8. 
Nb1 Nd5 9. Bg3 c5 10. Bxc4 cxd4 11. Nxd4 Be7 12. Bxb8 Rxb8 13. Nc6 Qc7 14.
 Nxb8 Qxc4 15. Qe2 Qc1+ 16. Qd1 Qxd1+ 17. Kxd1 Bb7 18. e4 Nf6 19. e5 Ng4 
20. Ke2 Nxe5 21. f3 Bd6 22. Nxa6 Bxa6+ 23. Kf2 Nd3+ 24. Ke2 Nxb2+ 25. Kd2 
Kd7 26. Kc2 Nc4 27. Nd2 Nxd2 28. Kxd2 b3 29. Rab1 Rb8 30. Kc3 Be5+ 31. Kd2
b2 32. Rhd1 Rc8 33. Ke3+ Ke7 34. f4 Bf6 35. g4 h6 36. Rd2 Rc3+ 37. Kf2 Rb3
38. Ke1 Bd3 39. Rxd3 Rxd3 40. Ke2 Ra3 41. h4 Ra1 42. Rxb2 Bxb2 43. Kd3 
Rxa4 44. Kc2 Rxf4 45. Kxb2 Rxg4 46. h5 Rg3 47. Kc2 e5 48. Kd2 f5 49. Ke2 
Kf6 50. Kf2 f4 51. Ke2 e4 52. Kf2 Kf5 53. Ke2 Kg4 54. Kf2 Ra3 55. Kg1 Ra2 
56. Kf1 f3 57. Ke1 e3 58. Kd1 f2 59. Kc1 f1=Q# 0-1

[Event "European Cities & Towns Chess Championship - Women"]
[Site "Central Europe"]
[Date "2023.01.29"]
[Round "3.3.2"]
[White "Yao, Lan"]
[Black "Antoniou, Evalena"]
[Result "1-0"]
[WhiteElo "2271"]
[BlackElo "1000"]
[BlackCountry "CY"]
[BlackFideId "5908744"]
[BlackTeam "Nicosia"]
[WhiteCountry "GB"]
[WhiteFideId "8610835"]
[WhiteTeam "London Women"]
[WhiteTitle "WIM"]

1. e4 e5 2. Nf3 Nc6 3. Bc4 Nf6 4. d3 h6 5. c3 Bc5 6. Bb3 O-O 7. Nbd2 d6 8.
 h3 Be6 9. Nf1 Qe7 10. Ng3 a6 11. Nh2 b5 12. Qf3 b4 13. Ng4 Nd7 14. Nf5 
Qe8 15. Ngxh6+ Kh8 16. Qg3 g6 17. Qh4 Qe7 18. Nxe7 Nxe7 19. Nf5+ Kg8 20. 
Nxe7+ Kg7 21. Qh6+ Kf6 22. Bg5# 1-0

[Event "European Cities & Towns Chess Championship - Women"]
[Site "Central Europe"]
[Date "2023.01.29"]
[Round "3.3.3"]
[White "Drakoularakou, Evangelia"]
[Black "Toma, Katarzyna"]
[Result "0-1"]
[WhiteElo "1000"]
[BlackElo "2232"]
[BlackCountry "GB"]
[BlackFideId "1119907"]
[BlackTeam "London Women"]
[BlackTitle "WGM"]
[WhiteTeam "Nicosia"]

1. e4 c5 2. d3 Nc6 3. Nf3 e5 4. Nc3 h6 5. g4 Be7 6. h4 d6 7. a4 Bxg4 8. 
Nb5 a6 9. Nc3 Nf6 10. b3 Nd4 11. Ra2 Bxf3 12. Qd2 Bxh1 13. Kd1 Bf3+ 14. 
Ke1 Bh5 15. Bh3 Nf3+ 16. Ke2 Nxd2+ 17. Kxd2 Qa5 18. f3 Bxf3 19. Rb2 d5 20.
 b4 cxb4 21. Rb3 bxc3+ 22. Rxc3 d4 23. Ke1 Qxc3+ 24. Kf2 Bg4 25. Kg3 Bxh3 
26. Kxh3 Qxc2 27. Kg3 Qxd3+ 28. Kf2 Nxe4+ 29. Ke1 Rc8 30. h5 Rxc1# 0-1

[Event "European Cities & Towns Chess Championship - Women"]
[Site "Central Europe"]
[Date "2023.01.29"]
[Round "3.3.4"]
[White "Hryshchenko, Kamila"]
[Black "Miltiadou, Danai"]
[Result "1-0"]
[WhiteElo "2139"]
[BlackElo "1000"]
[BlackCountry "CY"]
[BlackFideId "5906865"]
[BlackTeam "Nicosia"]
[WhiteCountry "GB"]
[WhiteFideId "14147491"]
[WhiteTeam "London Women"]

1. e4 e5 2. Nf3 Nc6 3. Bb5 Nf6 4. O-O Bc5 5. c3 a6 6. Ba4 Nxe4 7. d4 exd4 
8. cxd4 Ba7 9. d5 b5 10. Bc2 Bxf2+ 11. Rxf2 Nxf2 12. Kxf2 Na5 13. Bg5 f6 
14. Bf4 O-O 15. Qd3 f5 16. Nbd2 d6 17. Re1 Nb7 18. Nd4 Qh4+ 19. Bg3 Qg5 
20. N2f3 Qg6 21. b4 Bd7 22. Ne6 Bxe6 23. Rxe6 Qf7 24. Nd4 g6 25. Bf4 Rfe8 
26. Bc1 Nd8 27. Bb2 Nxe6 28. Nxe6 Rac8 29. Qd4 c6 30. Qh8# 1-0

[Event "European Cities & Towns Chess Championship - Women"]
[Site "Central Europe"]
[Date "2023.01.29"]
[Round "3.4.1"]
[White "Unuk, Laura"]
[Black "Gkoutzouki, Aikaterini Argyro"]
[Result "1-0"]
[WhiteElo "2296"]
[BlackElo "1742"]
[BlackCountry "GR"]
[BlackFideId "25838105"]
[BlackTeam "Corfu, Greece"]
[WhiteCountry "SI"]
[WhiteFideId "14609215"]
[WhiteTeam "Ljubljana Women"]
[WhiteTitle "IM"]

1. d4 d5 2. Nf3 e6 3. Bf4 Nf6 4. e3 c5 5. Nbd2 Nc6 6. c3 Bd6 7. Bg3 b6 8. 
Ne5 Bxe5 9. dxe5 Nd7 10. f4 O-O 11. Bd3 f5 12. exf6 Nxf6 13. O-O Bb7 14. 
Qe2 Re8 15. e4 d4 16. e5 Nd5 17. Ne4 Ne3 18. Nd6 Nxf1 19. Rxf1 Qc7 20. 
Nxe8 Rxe8 21. Bxh7+ Kf8 22. f5 Re7 23. fxe6+ Ke8 24. Bg6+ 1-0

[Event "European Cities & Towns Chess Championship - Women"]
[Site "Central Europe"]
[Date "2023.01.29"]
[Round "3.4.2"]
[White "Sklavounou, Kalliopi"]
[Black "Urh, Zala"]
[Result "0-1"]
[WhiteElo "1375"]
[BlackElo "2282"]
[BlackCountry "SI"]
[BlackFideId "14611481"]
[BlackTeam "Ljubljana Women"]
[BlackTitle "WIM"]
[WhiteCountry "GR"]
[WhiteFideId "25839250"]
[WhiteTeam "Corfu, Greece"]

1. Nf3 Nf6 2. g3 d5 3. Bg2 c5 4. O-O Nc6 5. d4 e6 6. c4 dxc4 7. Qa4 Bd7 8.
 Qxc4 cxd4 9. Nxd4 Rc8 10. Qd3 Qb6 11. Nb5 Nb4 12. Be3 Qxb5 13. Qxb5 Bxb5 
14. Na3 Bc6 15. Bxc6+ Nxc6 16. Rfd1 Be7 17. Nb5 a6 18. Nc3 O-O 19. Rac1 
Rfd8 20. Na4 Rxd1+ 21. Rxd1 Nd5 22. Bc5 Bxc5 23. Nxc5 Rc7 24. e4 Nf6 25. 
a3 Kf8 26. b4 Ke7 27. f4 Nd7 28. Nb3 b6 29. Kf2 a5 30. b5 Nd8 31. Nd4 Rc3 
32. a4 Rc4 33. g4 Nc5 34. Nc6+ Nxc6 35. bxc6 Nxe4+ 36. Ke3 Nd6 37. Kd3 
Rxc6 0-1

[Event "European Cities & Towns Chess Championship - Women"]
[Site "Central Europe"]
[Date "2023.01.29"]
[Round "3.4.3"]
[White "Vidic, Teja"]
[Black "Sklavounou, Iliana"]
[Result "1-0"]
[WhiteElo "2138"]
[BlackElo "1296"]
[BlackCountry "GR"]
[BlackFideId "25829238"]
[BlackTeam "Corfu, Greece"]
[WhiteCountry "SI"]
[WhiteFideId "14605511"]
[WhiteTeam "Ljubljana Women"]
[WhiteTitle "WIM"]

1. e4 c5 2. Nf3 d6 3. c3 Nf6 4. Be2 e6 5. O-O Be7 6. Re1 Nc6 7. Bf1 O-O 8.
 d4 cxd4 9. cxd4 d5 10. e5 Ne4 11. Nbd2 Nxd2 12. Bxd2 f6 13. Bc3 fxe5 14. 
Nxe5 Nxe5 15. dxe5 Bc5 16. Bd4 Qb6 17. Bxc5 Qxc5 18. Qd2 Bd7 19. Rac1 Qb6 
20. Bd3 Bb5 21. Bb1 Rf7 22. Qc2 g6 23. Qc5 Qa6 24. Rc3 Raf8 25. f3 b6 26. 
Qd6 Re8 27. Rec1 Rd7 28. Qb4 d4 29. Ra3 Ba4 30. Qxa4 Qxa4 31. Rxa4 d3 32. 
Rd1 d2 33. Kf2 Rc8 34. Ke2 Rc1 35. Ra3 Rd5 36. Rd3 Rxe5+ 37. Kxd2 Rc7 38. 
a3 Kf7 39. Ba2 Kf6 40. Rd6 Rec5 41. Bb1 Rg5 42. g3 Rh5 43. h4 Rb5 44. b4 
a5 45. Re1 axb4 46. Rexe6+ Kg7 47. axb4 Rxb4 48. Bd3 Rb2+ 49. Ke3 Rg2 50. 
g4 Rg1 51. Rxb6 Re1+ 52. Kf4 Rf7+ 53. Kg3 Rg1+ 54. Kf2 Rxg4 55. Re4 Rxe4 
56. Bxe4 Kh6 57. Kg3 Kh5 58. Rb5+ Kh6 59. Kg4 Rf6 60. h5 gxh5+ 61. Rxh5+ 
1-0

[Event "European Cities & Towns Chess Championship - Women"]
[Site "Central Europe"]
[Date "2023.01.29"]
[Round "3.4.4"]
[White "Vlahopoulou, Valeria"]
[Black "Rozman, Monika"]
[Result "0-1"]
[WhiteElo "1000"]
[BlackElo "2125"]
[BlackCountry "SI"]
[BlackFideId "14609118"]
[BlackTeam "Ljubljana Women"]
[BlackTitle "WFM"]
[WhiteTeam "Corfu, Greece"]

1. e4 e5 2. Nf3 Nc6 3. Bc4 Bc5 4. O-O Nf6 5. Nc3 O-O 6. d3 d6 7. Bg5 h6 8.
 Bh4 Be6 9. Nd5 Bxd5 10. Bxd5 Qe7 11. c3 Nd8 12. d4 Bb6 13. dxe5 dxe5 14. 
Qd3 c6 15. Bc4 Ne6 16. Nxe5 Nf4 17. Qf3 Qxe5 18. Bg3 N6h5 19. Rad1 Nxg3 
20. Qxg3 Rad8 21. Rxd8 Rxd8 22. Re1 Rd2 23. Rf1 Ne2+ 24. Bxe2 Qxg3 25. 
hxg3 Rxe2 26. g4 Rxb2 27. a4 Ra2 28. a5 Rxa5 29. Rd1 Ra2 30. Rd7 Rxf2 31. 
Rxb7 Rf4+ 32. Kh2 Rxg4 33. Re7 Bf2 34. g3 Bxg3+ 35. Kh3 h5 36. Re5 Bxe5 
37. c4 Rxe4 38. c5 g5 39. Kg2 g4 40. Kg1 Re2 41. Kf1 Ra2 42. Ke1 g3 43. 
Kf1 Bd4 44. Ke1 g2 45. Kd1 g1=Q# 0-1

[Event "European Cities & Towns Chess Championship - Women"]
[Site "Central Europe"]
[Date "2023.01.29"]
[Round "3.5.1"]
[White "Can, Isil"]
[Black "Lehaci, Miruna-Daria"]
[Result "1/2-1/2"]
[WhiteElo "2007"]
[BlackElo "2154"]
[BlackCountry "RO"]
[BlackFideId "1234765"]
[BlackTeam "Iasi"]
[BlackTitle "WIM"]
[WhiteCountry "TR"]
[WhiteFideId "34505733"]
[WhiteTeam "Istanbul"]
[WhiteTitle "WCM"]

1. e4 c5 2. Nf3 Nc6 3. d4 cxd4 4. Nxd4 Nf6 5. Nc3 d6 6. Be2 e5 7. Nb3 Be7 
8. O-O h6 9. Be3 O-O 10. f3 Be6 11. Nd2 d5 12. exd5 Nxd5 13. Nxd5 Bxd5 14.
 c4 Be6 15. f4 exf4 16. Bxf4 Qd4+ 17. Kh1 Rad8 18. Qb3 Na5 19. Qg3 Bd6 20.
 Bxd6 Qxd6 21. Rad1 Qb4 22. Nb3 Nxb3 23. Qxb3 Qxb3 24. axb3 g6 25. Kg1 Kg7
26. b4 Rxd1 27. Rxd1 Kf6 28. c5 Rc8 29. Bf3 Rc7 30. Kf2 a5 31. bxa5 Rxc5 
32. b4 Rc2+ 33. Kg3 Bc8 34. Rd8 Ke7 35. Rh8 h5 36. b5 Kd6 37. Rxc8 Rxc8 
38. Bxb7 Rb8 39. a6 Kc7 40. Kf4 Kb6 41. Ke5 Re8+ 42. Kf6 Re2 43. Kxf7 g5 
44. Kg6 Re5 45. Kxh5 Rxb5 46. Kg4 Ra5 47. h4 gxh4 48. Kxh4 Kc7 49. g4 Kd6 
50. Kg3 1/2-1/2

[Event "European Cities & Towns Chess Championship - Women"]
[Site "Central Europe"]
[Date "2023.01.29"]
[Round "3.5.2"]
[White "Obada, Ema"]
[Black "Onur, Cigdem"]
[Result "1-0"]
[WhiteElo "2106"]
[BlackElo "1922"]
[BlackCountry "TR"]
[BlackFideId "6346030"]
[BlackTeam "Istanbul"]
[BlackTitle "WCM"]
[WhiteCountry "RO"]
[WhiteFideId "1234803"]
[WhiteTeam "Iasi"]
[WhiteTitle "WCM"]

1. e4 c5 2. Nf3 e6 3. g3 d5 4. exd5 exd5 5. d4 Nc6 6. Bg2 Nf6 7. O-O Be7 
8. dxc5 Bxc5 9. Nbd2 O-O 10. Nb3 Bb6 11. c3 Bg4 12. h3 Be6 13. Nfd4 Qd7 
14. Kh2 Rad8 15. Bg5 Qe7 16. Re1 Rde8 17. Bxd5 Bxd5 18. Rxe7 Rxe7 19. Bxf6
gxf6 20. Nf5 Re4 21. Qxd5 Rfe8 22. Nd6 Re2 23. Qxf7+ Kh8 24. Nxe8 Rxf2+ 
25. Kh1 1-0

[Event "European Cities & Towns Chess Championship - Women"]
[Site "Central Europe"]
[Date "2023.01.29"]
[Round "3.5.3"]
[White "Hereklioglu, Sude"]
[Black "Andries, Alexia"]
[Result "1-0"]
[WhiteElo "1911"]
[BlackElo "1567"]
[BlackCountry "RO"]
[BlackFideId "1267272"]
[BlackTeam "Iasi"]
[WhiteCountry "TR"]
[WhiteFideId "6359531"]
[WhiteTeam "Istanbul"]
[WhiteTitle "WFM"]

1. Nf3 Nf6 2. d4 g6 3. g3 Bg7 4. Bg2 O-O 5. O-O d6 6. c4 Nbd7 7. Nc3 e5 8.
 e4 a6 9. h3 exd4 10. Nxd4 Ne5 11. b3 Nfd7 12. f4 Nc6 13. Be3 f5 14. Ne6 
Qe7 15. Nxf8 Nxf8 16. Nd5 Qf7 17. Rb1 fxe4 18. b4 a5 19. b5 Nb4 20. Nxb4 
axb4 21. Bxe4 Bxh3 22. Bxb7 Rxa2 23. Rf2 Ra3 24. Bd4 Rxg3+ 25. Kh2 Ra3 26.
 Rxb4 Be6 27. Bxg7 Qxg7 28. Rb3 Ra1 29. Rb1 Qh6+ 30. Kg1 Ra3 31. b6 Rg3+ 
32. Bg2 cxb6 33. Qxd6 Bxc4 34. f5 Qe3 35. Qd2 Qc5 36. fxg6 Rxg6 37. Rc1 b5
38. Qf4 Qa3 39. Rxc4 bxc4 40. Qf7+ Kh8 41. Qxf8+ Qxf8 42. Rxf8+ Kg7 43. 
Rc8 Rg4 44. Kf2 h5 45. Bd5 h4 46. Rg8+ 1-0

[Event "European Cities & Towns Chess Championship - Women"]
[Site "Central Europe"]
[Date "2023.01.29"]
[Round "3.5.4"]
[White "Cretu, Sofia"]
[Black "Mustu, Hatice Asli"]
[Result "0-1"]
[WhiteElo "1221"]
[BlackElo "1903"]
[BlackCountry "TR"]
[BlackFideId "34576843"]
[BlackTeam "Istanbul"]
[WhiteCountry "RO"]
[WhiteFideId "1283790"]
[WhiteTeam "Iasi"]

1. e4 c5 2. Nf3 Nc6 3. d4 cxd4 4. Nxd4 g6 5. Nc3 Bg7 6. Be3 Nf6 7. Be2 O-O
8. O-O d5 9. exd5 Nxd5 10. Nxd5 Nxd4 11. Bxd4 Qxd5 12. Bxg7 Qxd1 13. Raxd1
Kxg7 14. Bc4 Bf5 15. Bd3 Be6 16. a3 Rab8 17. Rfe1 Rfc8 18. c3 b5 19. Bc2 
Rc5 20. Re3 Rbc8 21. h3 a5 22. Be4 R8c7 23. Red3 Bf5 24. Bxf5 Rxf5 25. Rd5
Rc5 26. Rxf5 Rxf5 27. Rd7 Re5 28. Ra7 Re2 29. Rxa5 Rxb2 30. Ra7 Kf6 31. 
Rb7 Rb1+ 32. Kh2 Rb3 33. Ra7 Rxc3 34. Kg1 Rc1+ 35. Kh2 e5 36. Ra5 Rb1 37. 
Kg3 Ke6 38. Ra6+ Kd5 39. Rf6 Rb3+ 40. Kh2 Rxa3 41. Rxf7 b4 42. Rxh7 b3 43.
 Rb7 Kc4 44. Rb6 Ra4 45. Rd6 b2 46. Rd1 Ra1 47. Rh1 Rxh1+ 48. Kxh1 b1=Q+ 
49. Kh2 Qf5 50. f3 Kd3 51. Kg1 Ke2 52. Kh2 Kf1 53. h4 Qc2 54. Kg3 Qxg2# 
0-1

[Event "European Cities & Towns Chess Championship - Women"]
[Site "Central Europe"]
[Date "2023.01.29"]
[Round "3.6.1"]
[White "Stefanidi, Maria-Anna"]
[Black "Caku, Kler"]
[Result "0-1"]
[WhiteElo "1955"]
[BlackElo "1656"]
[BlackCountry "AL"]
[BlackFideId "4704703"]
[BlackTeam "TEUTA - Durres Albania"]
[WhiteCountry "GR"]
[WhiteFideId "4207750"]
[WhiteTeam "Kallithea - Athens"]
[WhiteTitle "WFM"]

1. e4 e5 2. Bc4 Nc6 3. Nf3 Nf6 4. d3 Bc5 5. c3 d6 6. Bb3 h6 7. Nbd2 O-O 8.
 Nf1 Be6 9. Bc2 d5 10. Qe2 d4 11. h3 Nd7 12. g4 Qe7 13. Ng3 f6 14. Nh4 
Rfd8 15. Rg1 Nf8 16. Nh5 g5 17. Nf5 Bxf5 18. gxf5 Nh7 19. h4 Kf8 20. hxg5 
hxg5 21. Qg4 Ke8 22. Bd2 Kd7 23. Ba4 Rh8 24. a3 Rag8 25. b4 Bb6 26. c4 a6 
27. O-O-O Ba7 28. Kb2 Kc8 29. f4 exf4 30. Bxc6 bxc6 31. c5 Qf7 32. Qf3 Nf8
33. Qg4 Nd7 34. Qe2 Qxh5 35. Qxh5 Rxh5 36. Rde1 Ne5 37. Bxf4 Nf3 0-1

[Event "European Cities & Towns Chess Championship - Women"]
[Site "Central Europe"]
[Date "2023.01.29"]
[Round "3.6.2"]
[White "Paja, Valdete"]
[Black "Tsouba, Maria"]
[Result "0-1"]
[WhiteElo "1257"]
[BlackElo "1672"]
[BlackCountry "GR"]
[BlackFideId "4231643"]
[BlackTeam "Kallithea - Athens"]
[Termination "time forfeit"]
[WhiteCountry "AL"]
[WhiteFideId "4707761"]
[WhiteTeam "TEUTA - Durres Albania"]

1. d4 Nf6 2. h3 e6 3. a3 c5 4. c3 Nc6 5. dxc5 Bxc5 6. Nf3 d5 7. e3 Bd7 8. 
Bd3 Qb6 9. Qc2 Ne7 10. O-O Bb5 11. Bxb5+ Qxb5 12. Nd4 Qd7 13. b4 Bb6 14. 
Bb2 O-O 15. Nd2 Rac8 16. c4 dxc4 17. Nxc4 Ned5 18. Qb3 Rfd8 19. Nxb6 Nxb6 
20. Rfd1 Nbd5 21. a4 Qe8 22. b5 Ne4 23. Rac1 Rxc1 24. Bxc1 Rc8 25. Bb2 Nc5
26. Qa3 Ne4 27. f3 Ng3 28. Kh2 Nh5 29. Rc1 Rxc1 30. Bxc1 Qc8 31. Bd2 Qc7+ 
32. f4 e5 33. Ne2 exf4 34. Nxf4 Nhxf4 35. exf4 g5 36. g3 gxf4 37. gxf4 Qc2
38. Qg3+ Kh8 39. Qf2 Qxa4 40. Be3 Nxe3 41. Qxe3 Qc2+ 42. Kg3 Qg6+ 43. Kf3 
Qh5+ 44. Kg3 Qxb5 45. Qe7 Qb3+ 46. Kg4 Qe6+ 0-1

[Event "European Cities & Towns Chess Championship - Women"]
[Site "Central Europe"]
[Date "2023.01.29"]
[Round "3.6.3"]
[White "Zarkada, Athina"]
[Black "Ndreko, Ailin"]
[Result "1-0"]
[WhiteElo "1219"]
[BlackElo "1256"]
[BlackCountry "AL"]
[BlackFideId "4705807"]
[BlackTeam "TEUTA - Durres Albania"]
[WhiteCountry "GR"]
[WhiteFideId "25890239"]
[WhiteTeam "Kallithea - Athens"]

1. e4 e5 2. Nf3 Nc6 3. Bb5 Bc5 4. c3 f5 5. exf5 Nf6 6. O-O O-O 7. d4 exd4 
8. Nxd4 Bxd4 9. cxd4 d5 10. Qf3 Nxd4 11. Qd3 Nxb5 12. Qxb5 c6 13. Qd3 Ne4 
14. Nd2 Bxf5 15. Nxe4 Bxe4 16. Qg3 Qf6 17. f3 Bg6 18. Qf2 Rfe8 19. Be3 Re6
20. Bd4 Qg5 21. Rfe1 Rae8 22. Rxe6 Rxe6 23. Re1 Rxe1+ 24. Qxe1 b6 25. Qe6+
Kf8 26. Qxc6 Qd2 27. Qd6+ Ke8 28. Qe6+ Kf8 29. Qd6+ Ke8 30. Qe5+ Kf8 31. 
Qxg7+ Ke8 32. Qe5+ Kf8 33. Qb8+ Be8 34. Qd6+ Kg8 35. Qe6+ Bf7 36. Qc8+ Be8
37. Qxe8# 1-0

[Event "European Cities & Towns Chess Championship - Women"]
[Site "Central Europe"]
[Date "2023.01.29"]
[Round "4.1.1"]
[White "Avramidou, Anastasia"]
[Black "Cvitan, Ena"]
[Result "1-0"]
[WhiteElo "2321"]
[BlackElo "2301"]
[BlackCountry "HR"]
[BlackFideId "14534215"]
[BlackTeam "Rijeka"]
[BlackTitle "FM"]
[WhiteCountry "GR"]
[WhiteFideId "4239873"]
[WhiteTeam "Thessaloniki"]
[WhiteTitle "FM"]

1. d4 d5 2. c4 e6 3. Nc3 a6 4. cxd5 exd5 5. Bf4 Nf6 6. e3 Bd6 7. Bg5 Be6 
8. Bd3 Nbd7 9. f4 h6 10. Bh4 g5 11. fxg5 Ng4 12. Nf3 Nxh2 13. g6 Nxf3+ 14.
 Qxf3 Be7 15. Bg3 c6 16. Bf5 Rf8 17. g7 Rg8 18. Bxe6 Rxg7 19. Bf5 Bg5 20. 
O-O-O Nb6 21. Bd3 Qe7 22. Rde1 Kf8 23. Kb1 a5 24. Bf4 a4 25. a3 Nc8 26. e4
dxe4 27. Rxe4 Qd7 28. Bxg5 Rxg5 29. Rxh6 Ne7 30. Qf6 Rg7 31. Rf4 Ng8 32. 
Qd6+ Qxd6 33. Rxd6 Rxg2 34. Rd7 Ne7 35. Bc4 f5 36. Rxb7 Rd8 37. Be6 Rd6 
38. Bc4 Rg5 39. Nxa4 Ng6 40. Rf7+ Ke8 41. R4xf5 Rg1+ 42. Ka2 Rxd4 43. Bb3 
Rg2 44. R7f6 Ne7 45. Re5 Kd7 46. Rf7 Kd6 47. Rexe7 Rh4 48. Rd7+ Ke5 49. 
Rfe7+ Kf6 50. Rf7+ Ke5 51. Ra7 Rhh2 52. Rfc7 Kd6 53. Rc8 Rf2 54. Rac7 Ke5 
55. Rxc6 Kd4 56. Rc2 1-0

[Event "European Cities & Towns Chess Championship - Women"]
[Site "Central Europe"]
[Date "2023.01.29"]
[Round "4.1.2"]
[White "Vujnovic, Patricija"]
[Black "Grapsa, Georgia"]
[Result "1/2-1/2"]
[WhiteElo "2130"]
[BlackElo "1989"]
[BlackCountry "GR"]
[BlackFideId "4206436"]
[BlackTeam "Thessaloniki"]
[BlackTitle "WFM"]
[WhiteCountry "HR"]
[WhiteFideId "14502313"]
[WhiteTeam "Rijeka"]
[WhiteTitle "WFM"]

1. d4 Nf6 2. Nc3 d5 3. Bf4 Bf5 4. e3 e6 5. f3 Bd6 6. Nge2 O-O 7. g4 Bg6 8.
 h4 h5 9. g5 Ne8 10. Bh3 Nc6 11. Bxd6 Nxd6 12. Nf4 Ne7 13. Qd2 Nc4 14. Qf2
Nxb2 15. Rb1 Nc4 16. Rxb7 Rb8 17. Rxb8 Qxb8 18. O-O Qb2 19. Nxg6 Nxg6 20. 
Na4 Qa3 21. Nc5 Rb8 22. Nd3 Qxa2 23. f4 Rb1 24. f5 Rxf1+ 25. Bxf1 exf5 26.
 Nb4 Qa5 27. Nc6 Qb6 28. Nd8 c6 29. Nxf7 Nxe3 30. Nh6+ Kh7 31. Qxe3 gxh6 
32. Bd3 Qb1+ 33. Kh2 Nxh4 34. Qe7+ Kg8 35. Qe8+ Kg7 36. Qe7+ Kg8 37. Qe8+ 
Kg7 38. Qe7+ Kg8 1/2-1/2

[Event "European Cities & Towns Chess Championship - Women"]
[Site "Central Europe"]
[Date "2023.01.29"]
[Round "4.1.3"]
[White "Drakaki, Anna-Maria"]
[Black "Berke, Ana"]
[Result "1/2-1/2"]
[WhiteElo "1941"]
[BlackElo "2108"]
[BlackCountry "HR"]
[BlackFideId "14510359"]
[BlackTeam "Rijeka"]
[BlackTitle "WIM"]
[WhiteCountry "GR"]
[WhiteFideId "4225210"]
[WhiteTeam "Thessaloniki"]

1. d4 Nf6 2. c4 e6 3. g3 c5 4. Nf3 cxd4 5. Nxd4 Nc6 6. Bg2 d5 7. cxd5 Nxd5
8. O-O Be7 9. Nxc6 bxc6 10. Qc2 Bd7 11. Nc3 O-O 12. Rd1 Rc8 13. a3 Qc7 14.
 Bd2 Rfd8 15. Rac1 Qb6 16. Na4 Qb5 17. Nc3 Qb6 18. Na4 Qb5 19. Bf1 c5 20. 
Nc3 Qb7 21. Bg2 Bc6 22. e4 Nf6 23. Be3 c4 24. Bd4 h6 25. Qe2 a5 26. h3 a4 
27. Be5 Qb3 28. Bf1 Rxd1 29. Rxd1 Be8 30. Bxf6 Bxf6 31. e5 Bg5 32. Ne4 Be7
33. Nd6 Rd8 34. Rd2 c3 35. bxc3 Qxc3 36. Rd3 Qc5 37. Qd1 Qxe5 38. Nxe8 
Rxe8 39. Qxa4 Rf8 40. Qd7 Bf6 41. a4 Qf5 42. Bg2 Rd8 43. Qxd8+ Bxd8 44. 
Rxd8+ Kh7 45. Rd4 g6 46. Rf4 Qc5 47. Rxf7+ Kg8 48. Rf4 Qc1+ 49. Kh2 Kg7 
50. h4 h5 51. Re4 Qb1 52. Rxe6 Qa2 53. Re7+ Kf6 54. Re4 Kg7 55. Rf4 Qa3 
56. Bc6 Qa2 57. Bb5 Qa3 58. Kg2 Qa2 59. Bc6 Qa3 60. Bf3 Qa2 61. Rd4 Qa3 
62. Bc6 Qc3 63. Rd7+ Kf6 64. Bf3 Qa5 65. Rd4 Qc5 66. Rf4+ Kg7 67. Be2 Qa3 
68. Bb5 Qd6 69. Be2 Qd5+ 70. Bf3 Qa2 71. Rb4 Qa3 72. Rb7+ Kf6 73. Ra7 Qc5 
74. Ra6+ Kg7 75. Be4 Qc4 76. Rxg6+ Kf7 77. Bb1 Qxa4 78. Rg5 Qd1 79. Bg6+ 
Kf6 80. Bxh5 Qc2 81. Bf3 Qd2 82. Rg4 Qb2 83. h5 Qc1 84. Rg6+ Kf7 85. Be4 
Qe1 86. Rg4 Qe2 87. Bf3 Qe6 88. Rg6 Qe5 89. Ra6 Qb5 90. Ra7+ Kg8 91. h6 
Qb6 92. h7+ Kh8 93. Rb7 Qe6 94. Ra7 Qb6 95. Re7 Qd6 96. Rb7 Qe6 97. g4 Qe5
98. Rf7 Qe6 99. Ra7 Qb6 100. Rb7 Qe6 101. g5 Qg6 102. Kg3 Qxg5+ 103. Bg4 
Qe5+ 104. f4 Qe3+ 105. Bf3 Qg1+ 106. Bg2 Qe3+ 107. Bf3 Qg1+ 108. Bg2 Qe3+ 
109. Bf3 1/2-1/2

[Event "European Cities & Towns Chess Championship - Women"]
[Site "Central Europe"]
[Date "2023.01.29"]
[Round "4.1.4"]
[White "Kukic, Lora"]
[Black "Pasoglou, Ekaterini"]
[Result "1/2-1/2"]
[WhiteElo "1945"]
[BlackElo "1872"]
[BlackCountry "GR"]
[BlackFideId "4247663"]
[BlackTeam "Thessaloniki"]
[WhiteCountry "HR"]
[WhiteFideId "14520699"]
[WhiteTeam "Rijeka"]

1. d4 Nf6 2. Nf3 e6 3. g3 d5 4. Bg2 Be7 5. O-O O-O 6. c4 c6 7. Nc3 b6 8. 
Bf4 Nh5 9. Rc1 Nxf4 10. gxf4 Bb7 11. cxd5 exd5 12. e3 Nd7 13. Ne5 Nf6 14. 
Ne2 Rc8 15. Qa4 Qc7 16. Nc3 c5 17. Nb5 Qd8 18. Qxa7 Bc6 19. Nxc6 Rxc6 20. 
Qa4 Ne4 21. Nc3 Rg6 22. Nxe4 dxe4 23. dxc5 Bxc5 24. Qxe4 Qd2 25. Rc2 Qd7 
26. Kh1 Rh6 27. Qf3 Qe7 28. b3 Qh4 29. Qg3 Qf6 30. Qg5 Qe6 31. Rg1 Rg6 32.
 Qe5 Qd7 33. f5 Rg5 34. Be4 Rxg1+ 35. Kxg1 Qd1+ 36. Kg2 Qg4+ 37. Kh1 Qd1+ 
38. Kg2 Qg4+ 39. Kh1 Qd1+ 40. Kg2 1/2-1/2